000 00378nam a2200157Ia 4500
005 20240814051041.0
008 240331s9999 xx 000 0 und d
020 _a9001660509
082 _bODE
_a407
100 _aOdekerken, J.M.H
245 0 _aGrasping grammar
260 _aGroningen
_bWolters-Noordhoff-Longman
_c1980
300 _a84 p .,
650 _aGrammar
942 _cL
999 _c3031
_d3031